000 01727cam a22003734a 4500
001 15681745
005 20100110102321.0
008 090330s2009 stk |rbf 001 0 eng
010 _a 2009013426
020 _a9780443103537 (v. 1 : alk. paper)
035 _a(DNLM)101500584
040 _aDNLM/DLC
_cDLC
042 _apcc
050 0 0 _aRG950
_b.B37 2009
060 1 0 _aWQ 165
_bB327m 2009
082 0 0 _a618.2
_222
_bBAS
100 1 _aBaston, Helen,
_d1962-
_912133
245 1 0 _aMidwifery Essentials/
_cHelen Baston, Jennifer Hall & Alyson Henley-Einion; Foreword by Mandy Renton; With a contribution by Anne-Marie Henshaw
260 _aEdinburgh ;
_aNew York :
_bChurchill Livingstone, 2009
_c2009.
300 _a187 p.;
_c19 cm.
500 _aBased on Midwifery basics articles published in The practising midwife journal.
504 _aIncludes bibliographical references and index.
505 2 _av. 1. Basics / Helen Baston, Jennifer Hall, Alyson Henley-Einion ; with a contribution by Anne-Marie Henshaw
650 0 _aMidwifery
_vHandbooks, manuals, etc.
_912134
650 1 2 _aMidwifery
_vCollected Works.
_912135
650 1 2 _aMidwifery
_vHandbooks.
_912136
700 1 _aHall, Jennifer,
_d1959-
_912137
700 1 _aHenley-Einion, Alyson.
_912138
700 1 _aRenton, Mandy
_912131
700 1 _aHenshaw, Anne-Marie
_912132
942 _2ddc
_cNRB
999 _c13561
_d13561